非边界县级行政区-天津 Non-border counties in Tianjin - Statistics

General Stats
  • This quiz has been taken 17 times
  • The average score is 6 of 9
Answers on the Map
Answers color-coded by a green-red scale on the quiz's map according to % correct below.
 
Answer Stats
县级行政区 % Correct
和平区
79%
河西区
79%
南开区
79%
河北区
79%
河东区
71%
红桥区
64%
东丽区
57%
津南区
57%
北辰区
50%
No matching quizzes found
Score Distribution
Percent of People with Each Score
Percentile by Number Answered
Your Score History
You have not taken this quiz